Statistics for Srpski rep izvođači i rep bendovi

Click here to take the quiz!

General Stats

  • This quiz has been taken 111 times
  • The average score is 7 of 20

Answer Stats

PjesmaIzvođač% Correct
DivljinaBeogradski sindikat
72%
Na minut od moraSurreal
66%
Idemo odma'Bad copy
59%
Definicija MCSmoke Mardeljano
59%
EkserFox
57%
Biću tuGru
57%
Sketba i VutraBigru i Paja Kratak
47%
Gandžu pušiPrti Bee Gee
41%
SkanijaPsihoaktiv trip
40%
Svi ti dani lepiVIP
37%
RepujemoJuice
34%
Platinsati statusStruka
32%
PosejdonKendi
23%
JedanMarchello
21%
Rimujem i krademBvana
16%
Nije ti fazonVoodoo Popeye
15%
Ni na nebu ni na zemljiDada
13%
Bori seShorty
9%
Ja se vraćam u svoj hramFull Moon
7%
Lice meduzeOne shot
6%

Score Distribution

Percentile by Number Answered

Percent of People with Each Score

Your Score History

You have not taken this quiz